E45(三陸沿岸道)のIC - Statistics

General Stats
  • This quiz has been taken 59 times
    13 since last reset
  • The average score is 41 of 85
Answer Stats
三陸沿岸道 % Correct
IC 久慈
92%
JCT 八戸
92%
JCT 釜石
83%
IC 気仙沼中央
75%
IC 大船渡
75%
IC/JCT 宮古中央
75%
IC 普代
75%
IC 野田
75%
IC 久慈北
75%
JCT 利府
67%
IC 登米
67%
IC 陸前高田
67%
IC 山田
67%
IC 宮古南
67%
IC 宮古北
67%
IC 田野畑南
67%
IC 久慈南
67%
IC 階上
67%
IC 松島海岸
58%
IC 三陸
58%
IC 大槌
58%
IC 田野畑中央
58%
IC 田野畑北
58%
IC 八戸南
58%
IC 八戸是川
58%
PA 春日
50%
IC 鳴瀬奥松島
50%
PA 矢本
50%
IC 矢本
50%
IC 河北
50%
IC 志津川
50%
IC 歌津
50%
IC 気仙沼港
50%
IC 大船渡北
50%
IC 釜石南
50%
IC 釜石中央
50%
IC 釜石北
50%
IC 山田南
50%
IC 松島北
42%
IC 石巻港
42%
IC 石巻女川
42%
IC 桃生豊里
42%
IC 登米東和
42%
IC 三滝堂
42%
IC 歌津北
42%
PA 本吉
42%
IC 大谷海岸
42%
IC 吉浜
42%
IC 山田北
42%
IC 岩泉龍泉洞
42%
IC 普代北
42%
IC 久慈宇部
42%
IC 侍浜南
42%
IC 侍浜
42%
IC 洋野宿戸
42%
IC 洋野種市
42%
IC 種差海岸階上岳
42%
IC 利府塩釜
33%
IC 利府中
33%
IC 松島大郷
33%
IC 石巻河南
33%
IC 桃生津山
33%
IC 南三陸海岸
33%
IC 小泉海岸
33%
IC 本吉津谷
33%
IC 岩井崎
33%
IC 浦島大島
33%
IC 気仙沼鹿折
33%
IC 唐桑半島
33%
IC 唐桑小原木
33%
IC 陸前高田長部
33%
IC 通岡
33%
PA 船河原
33%
IC 大船渡碁石海岸
33%
IC 釜石唐丹
33%
IC 釜石両石
33%
PA 波板
33%
PA 津軽石
33%
IC 田老南
33%
IC 田老真崎海岸
33%
IC 田老北
33%
IC 岩泉南
33%
IC 鵜の巣断崖
33%
IC 田野畑思惟
33%
IC 洋野有家
33%
No matching quizzes found
Score Distribution
Percent of People with Each Score
Percentile by Number Answered
Your Score History
You have not taken this quiz since the last reset